| 000 | 00623nam a2200181Ia 4500 | ||
|---|---|---|---|
| 008 | 090123s9999 xx 000 0 und d | ||
| 082 | _b36143 | ||
| 100 | _aमहाले रमेश | ||
| 245 | _aविज्ञानातील गमती जमती | ||
| 250 | _a0 | ||
| 260 |
_bविजयराज पब्लिकेशन _c2003 |
||
| 300 | _a32 | ||
| 600 | _aमहाले रमेश | ||
| 630 | _aविज्ञानातील गमती जमती | ||
| 700 | _aमहाले रमेश | ||
| 730 | _aविज्ञानातील गमती जमती | ||
| 942 | _cBOOK | ||
| 999 |
_c74210 _d74210 |
||